<?xml version="1.0" encoding="UTF-8"?>
<record
    xmlns:xsi="http://www.w3.org/2001/XMLSchema-instance"
    xsi:schemaLocation="http://www.loc.gov/MARC21/slim http://www.loc.gov/standards/marcxml/schema/MARC21slim.xsd"
    xmlns="http://www.loc.gov/MARC21/slim">

  <leader>01338nam0a2200325 i 4500</leader>
  <controlfield tag="001">RU\NLR\BIBL_A\010977823</controlfield>
  <controlfield tag="005">20240726222158.0</controlfield>
  <datafield tag="010" ind1=" " ind2=" ">
    <subfield code="a">9785904062934</subfield>
    <subfield code="9">400</subfield>
  </datafield>
  <datafield tag="021" ind1=" " ind2=" ">
    <subfield code="a">RU</subfield>
    <subfield code="b">2016-3392</subfield>
    <subfield code="9">205</subfield>
  </datafield>
  <datafield tag="035" ind1=" " ind2=" ">
    <subfield code="a">(NILC)RuMoRGB-008122432</subfield>
  </datafield>
  <datafield tag="035" ind1=" " ind2=" ">
    <subfield code="a">(NLR Aleph) 010977823</subfield>
  </datafield>
  <datafield tag="090" ind1=" " ind2=" ">
    <subfield code="a">10854392</subfield>
    <subfield code="c">10854392</subfield>
  </datafield>
  <datafield tag="100" ind1=" " ind2=" ">
    <subfield code="a">20160209d2015    um y0rusy50      ca</subfield>
  </datafield>
  <datafield tag="101" ind1="0" ind2=" ">
    <subfield code="a">rus</subfield>
  </datafield>
  <datafield tag="102" ind1=" " ind2=" ">
    <subfield code="a">RU</subfield>
  </datafield>
  <datafield tag="105" ind1=" " ind2=" ">
    <subfield code="a">ach|z|||000gy</subfield>
  </datafield>
  <datafield tag="200" ind1="1" ind2=" ">
    <subfield code="a">&#x420;&#x43E;&#x434;&#x43E;&#x43C; &#x438;&#x437; &#x434;&#x435;&#x442;&#x441;&#x442;&#x432;&#x430;</subfield>
    <subfield code="e">[&#x441;&#x442;&#x438;&#x445;&#x438;]</subfield>
    <subfield code="f">&#x415;&#x432;&#x433;&#x435;&#x43D;&#x438;&#x439; &#x420;&#x43E;&#x441;&#x43B;&#x44F;&#x43A;&#x43E;&#x432;</subfield>
  </datafield>
  <datafield tag="210" ind1=" " ind2=" ">
    <subfield code="a">&#x412;&#x435;&#x43B;&#x438;&#x43A;&#x438;&#x439; &#x41D;&#x43E;&#x432;&#x433;&#x43E;&#x440;&#x43E;&#x434;</subfield>
    <subfield code="c">[&#x431;. &#x438;.]</subfield>
    <subfield code="d">2015</subfield>
  </datafield>
  <datafield tag="215" ind1=" " ind2=" ">
    <subfield code="a">367 &#x441;.</subfield>
    <subfield code="c">&#x438;&#x43B;., &#x446;&#x432;. &#x438;&#x43B;., &#x43F;&#x43E;&#x440;&#x442;&#x440;., &#x444;&#x430;&#x43A;&#x441;.</subfield>
    <subfield code="d">22</subfield>
  </datafield>
  <datafield tag="327" ind1="1" ind2=" ">
    <subfield code="a">&#x421;&#x43E;&#x434;&#x435;&#x440;&#x436;.: &#x446;&#x438;&#x43A;&#x43B;&#x44B;: &#x420;&#x43E;&#x434;&#x43E;&#x43C; &#x438;&#x437; &#x434;&#x435;&#x442;&#x441;&#x442;&#x432;&#x430;; &#x414;&#x435;&#x440;&#x435;&#x432;&#x43D;&#x44F; &#x43C;&#x43E;&#x44F;; &#x41B;&#x44E;&#x431;&#x43E;&#x432;&#x44C; &#x43D;&#x435;&#x447;&#x430;&#x44F;&#x43D;&#x43D;&#x43E; &#x43D;&#x430;&#x433;&#x440;&#x44F;&#x43D;&#x435;&#x442;; &#x415;&#x441;&#x43B;&#x438; &#x431; &#x437;&#x43D;&#x430;&#x43B;&#x438; &#x432;&#x44B;, &#x43A;&#x430;&#x43A; &#x43C;&#x43D;&#x435; &#x434;&#x43E;&#x440;&#x43E;&#x433;&#x438;...; &#x417;&#x43E;&#x432; &#x43F;&#x440;&#x438;&#x440;&#x43E;&#x434;&#x44B;; &#x422;&#x430;&#x43C;, &#x437;&#x430; &#x43F;&#x435;&#x440;&#x435;&#x432;&#x430;&#x43B;&#x43E;&#x43C;; &#x425;&#x43E;&#x43B;&#x43E;&#x434;&#x43E;&#x43A; &#x447;&#x443;&#x436;&#x431;&#x438;&#x43D;&#x44B;; &#x411;&#x44B;&#x43B;&#x44C; &#x438;&#x43B;&#x438; &#x43D;&#x435;&#x431;&#x44B;&#x43B;&#x44C;?; &#x418; &#x43D;&#x435;&#x43C;&#x43D;&#x43E;&#x433;&#x43E; &#x43E;&#x431;&#x43E; &#x43C;&#x43D;&#x435;</subfield>
  </datafield>
  <datafield tag="333" ind1=" " ind2=" ">
    <subfield code="a">16+</subfield>
  </datafield>
  <datafield tag="675" ind1=" " ind2=" ">
    <subfield code="a">821.161.1</subfield>
  </datafield>
  <datafield tag="686" ind1="2" ind2=" ">
    <subfield code="a">&#x428;6(2=&#x420;)8-5</subfield>
  </datafield>
  <datafield tag="700" ind1=" " ind2="1">
    <subfield code="a">&#x420;&#x43E;&#x441;&#x43B;&#x44F;&#x43A;&#x43E;&#x432;</subfield>
    <subfield code="b">&#x415;. &#x410;.</subfield>
    <subfield code="g">&#x415;&#x432;&#x433;&#x435;&#x43D;&#x438;&#x439; &#x410;&#x43B;&#x435;&#x43A;&#x441;&#x430;&#x43D;&#x434;&#x440;&#x43E;&#x432;&#x438;&#x447;</subfield>
  </datafield>
  <datafield tag="801" ind1=" " ind2="0">
    <subfield code="a">RU</subfield>
    <subfield code="b">&#x420;&#x413;&#x411;</subfield>
    <subfield code="c">20160122</subfield>
    <subfield code="g">RCR</subfield>
  </datafield>
  <datafield tag="942" ind1=" " ind2=" ">
    <subfield code="c">BOOK</subfield>
  </datafield>
  <datafield tag="980" ind1=" " ind2=" ">
    <subfield code="a">NBR</subfield>
  </datafield>
</record>
